[Event "Mittelrhein Verbandsliga Ost 1415"]
[Site "Mittelrhein"]
[Date "2014.12.07"]
[Round "5.8"]
[White "Wischumerski, Juergen"]
[Black "Grund, Harald"]
[Result "1/2-1/2"]
[WhiteElo "1702"]
[BlackElo "1873"]
[PlyCount "48"]
[EventDate "2014.09.07"]
[EventType "team-tourn"]
[EventRounds "11"]
[EventCountry "GER"]
[SourceTitle "EXT 2023"]
[Source "ChessBase"]
[SourceDate "2022.10.05"]
[SourceVersion "1"]
[SourceVersionDate "2022.10.05"]
[SourceQuality "1"]
[WhiteTeam "Siebengebirge"]
[BlackTeam "Bonn Stadtverwaltung"]
[WhiteTeamCountry "GER"]
[BlackTeamCountry "GER"]

1. d4 Nf6 2. Nf3 b6 3. g3 e6 4. Bg2 Bb7 5. 0-0 c5 6. e3 Be7 7. b3 0-0 8. Bb2 d5 9. c4 Nc6 10. cxd5 exd5 11. Nc3 Rc8 12. Rc1 Na5 13. dxc5 bxc5 14. Na4 Ne4 15. Nd2 c4 16. Nxe4 dxe4 17. Qg4 Bf6 18. Bxf6 Qxf6 19. bxc4 Nxc4 20. Qd7 Qa6 21. Nc3 Rfd8 22. Qb5 Qxb5 23. Nxb5 a6 24. Nd4 g6 1/2-1/2

[Event "Mittelrhein Verbandsliga Ost 1314"]
[Site "Mittelrhein"]
[Date "2014.01.19"]
[Round "6.6"]
[White "Grund, Harald"]
[Black "Tonnicchi, Marco"]
[Result "1/2-1/2"]
[WhiteElo "2005"]
[BlackElo "1837"]
[PlyCount "49"]
[EventDate "2013.09.15"]
[EventType "team-tourn"]
[EventRounds "11"]
[EventCountry "GER"]
[SourceTitle "EXT 2023"]
[Source "ChessBase"]
[SourceDate "2022.10.05"]
[SourceVersion "1"]
[SourceVersionDate "2022.10.05"]
[SourceQuality "1"]
[WhiteTeam "Bonn Stadtverwaltung"]
[BlackTeam "Bruehl II"]
[WhiteTeamCountry "GER"]
[BlackTeamCountry "GER"]

1. e4 d6 2. d4 Nf6 3. Nc3 c6 4. Bg5 Nbd7 5. Nf3 e5 6. Be2 Be7 7. 0-0 0-0 8. Re1 b5 9. a3 a6 10. Bf1 Qc7 11. h3 Re8 12. Qd2 Nb6 13. b3 Be6 14. a4 b4 15. Nd1 a5 16. Nb2 Rad8 17. Qe3 Nfd7 18. Bxe7 Rxe7 19. c4 bxc3 20. Qxc3 exd4 21. Nxd4 Nc5 22. f3 Rb8 23. Nc4 Nxc4 24. Bxc4 Bxc4 25. Qxc4 1/2-1/2

[Event "Mittelrhein Verbandsliga Ost 1314"]
[Site "Mittelrhein"]
[Date "2013.10.13"]
[Round "2.6"]
[White "Grund, Harald"]
[Black "Mass, Elvira"]
[Result "1/2-1/2"]
[WhiteElo "2005"]
[BlackElo "1943"]
[PlyCount "118"]
[EventDate "2013.09.15"]
[EventType "team-tourn"]
[EventRounds "11"]
[EventCountry "GER"]
[SourceTitle "EXT 2023"]
[Source "ChessBase"]
[SourceDate "2022.10.05"]
[SourceVersion "1"]
[SourceVersionDate "2022.10.05"]
[SourceQuality "1"]
[WhiteTeam "Bonn Stadtverwaltung"]
[BlackTeam "Koeln Porz III"]
[WhiteTeamCountry "GER"]
[BlackTeamCountry "GER"]

1. e4 g6 2. d4 Bg7 3. Nc3 d6 4. Be3 Nf6 5. h3 0-0 6. Qd2 c6 7. Bh6 b5 8. Bxg7 Kxg7 9. Bd3 Bb7 10. Qe3 Nbd7 11. Nf3 Qc7 12. 0-0 b4 13. Ne2 c5 14. c3 c4 15. Bc2 a5 16. Rfd1 e5 17. Ng3 Rfe8 18. Qg5 Kh8 19. h4 exd4 20. Rxd4 Qc5 21. Rad1 Re6 22. Qxc5 Nxc5 23. Rxc4 Ba6 24. Rcd4 bxc3 25. bxc3 Rae8 26. Ng5 R6e7 27. Rxd6 Kg7 28. f3 Bb5 29. Rd8 Bc4 30. Rxe8 Nxe8 31. a4 h6 32. Nh3 Rb7 33. Nf1 Rb2 34. Ne3 Bb3 35. Bxb3 Rxb3 36. Nd5 Nxa4 37. Ra1 Nxc3 38. Nxc3 Rxc3 39. Rxa5 Rc7 40. Nf4 h5 41. Ra6 Rd7 42. Kf2 Nd6 43. Rc6 Nb5 44. Ke3 Nd6 45. Nd3 Ne8 46. g3 Re7 47. Nf4 Nf6 48. Rxf6 Kxf6 49. Nd5+ Ke6 50. Nxe7 Kxe7 51. Kf4 Kf6 52. g4 hxg4 53. fxg4 Kg7 54. g5 Kf8 55. Ke5 Ke7 56. Kd5 Kd7 57. Ke5 Ke7 58. Kd5 Kd7 59. Ke5 Ke7 1/2-1/2